U G C:NET/SLET ECONOMICS (Record no. 111426)

MARC details
000 -LEADER
fixed length control field 00425nam a2200133Ia 4500
008 - FIXED-LENGTH DATA ELEMENTS--GENERAL INFORMATION
fixed length control field 211119s9999||||xx |||||||||||||| ||und||
082 ## - DEWEY DECIMAL CLASSIFICATION NUMBER
Classification number 153.94
Item number SHI-U
100 ## - MAIN ENTRY--PERSONAL NAME
Personal name Shirur, Sriniwas
245 #0 - TITLE STATEMENT
Title U G C:NET/SLET ECONOMICS
260 ## - PUBLICATION, DISTRIBUTION, ETC.
Name of publisher, distributor, etc. Danika Publishing
Place of publication, distribution, etc. New Delhi
Date of publication, distribution, etc. 2010
300 ## - PHYSICAL DESCRIPTION
Extent viii+
650 ## - SUBJECT ADDED ENTRY--TOPICAL TERM
Topical term or geographic name entry element philosophy & psychology
942 ## - ADDED ENTRY ELEMENTS (KOHA)
Koha item type BOOK
650 ## - SUBJECT ADDED ENTRY--TOPICAL TERM
Form subdivision psychologyMental processes & intelligenceEconomics
General subdivision Post Graduate Reference
Holdings
Withdrawn status Lost status Source of classification or shelving scheme Damaged status Not for loan Home library Current library Date acquired Cost, normal purchase price Full call number Barcode Shelving location Date last seen Price effective from Koha item type Public note
    Dewey Decimal Classification     SB LIBRARY SB LIBRARY 19/11/2021 475.00 330 SHI-E 00124873 PGR-UGC COLLECTION 19/11/2021 19/11/2021 BOOK UGC/NET/SLET ECONOMICS

Powered by Koha